Nalaganje...

Computer Hardware Kit

Bibliografske podrobnosti
Glavni avtor: Simon Plakkal & Nelbi Jeoseph
Format: Printed Book
Izdano: Pen books, Pvt Ltd 1999
LEADER 00344nam a2200109 4500
082
100 |a Simon Plakkal & Nelbi Jeoseph 
245 |a Computer Hardware Kit  |c Simon Plakkal & Nelbi Jeoseph 
260 |a Pen books, Pvt Ltd  |c 1999 
942 |c BK 
999 |c 196901  |d 196901 
952 |0 0  |1 0  |4 0  |7 0  |9 210250  |a DCI  |b DCI  |d 2019-10-29  |l 0  |p DCI3562  |r 2019-10-29  |w 2019-10-29  |y BK